000 00697nam a2200289Ia 4500
005 20260324124136.0
008 008 260324s9999 xx 000 0 eng d
020 _a9780203834893
037 _aEBOOK
040 _aCRL
040 _beng
040 _cCRL
041 _2eng
041 _aeng
084 _qCRL
100 _aHillel Cohen
_91173005
245 4 _aThe Rise and Fall of Arab Jerusalem
245 0 _bPalestinian Politics and the City since 1967
260 _bTaylor and Francis
260 _c2011
365 _a
365 _b230
856 _uhttp://www.taylorfrancis.com/books/9780203834893
942 _cEBOOK
999 _c1767151
_d1767151